| 000 | 01562nam a2200325 a 4500 | ||
|---|---|---|---|
| 001 | ASIN1107600324 | ||
| 005 | 20170105102930.0 | ||
| 008 | 140210s2011 xxu eng d | ||
| 020 |
_a1107600324 (paperback) _c$35.99 |
||
| 020 | _a9781107600324 (paperback) | ||
| 040 | _a0 | ||
| 050 | 0 | 4 | _aKZ6475 |
| 082 | 0 | 4 |
_a341.67 _bKAL 2011 |
| 100 | 1 | _aKalshoven, Frits. | |
| 245 | 1 | 0 |
_aConstraints on the waging of war : _ban introduction to international humanitarian law / _cFrits Kalshoven, Liesbeth Zegveld. |
| 250 | _a4th ed. | ||
| 260 |
_a[S.l.] : _bCambridge University Press, _c2011. |
||
| 300 |
_a306 p. ; _c23 cm. |
||
| 520 | _aThis fully revised fourth edition of Constraints on the Waging of War considers the development of the principal rules of international humanitarian law from their origins to the present day. Of particular focus are the rules governing weapons and the legal instruments through which respect for the law can be enforced. Combining theory and actual practice, this book appeals to specialists as well as to students turning to the subject for the first time. | ||
| 650 | 0 | _aCombatants and noncombatants (International law) | |
| 650 | 0 | _aGeneva Conventions (1949) | |
| 650 | 0 | _aHumanitarian law | |
| 650 | 0 | _aInternational relations | |
| 650 | 0 | _aWar (International law) | |
| 650 | 0 | _aWar victims--Legal status, laws, etc | |
| 650 | 0 | _aWeapons--Law and legislation | |
| 700 | 1 | _aZegveld, Liesbeth. | |
| 856 | 4 | 0 |
_3Amazon.com _uhttp://www.amazon.com/exec/obidos/ASIN/1107600324/chopaconline-20 |
| 942 |
_2ddc _cBK |
||
| 999 |
_c16030 _d16030 |
||